01002 a2200193 4500003000500000005001700005020001800022040000900040082001500049100002600064245005100090260003900141300001500180505041600195610004200611942001200653999001900665952012400684Nust20221117125818.0 a9788131701843 cNust a621.38,RAJ aG. S. N. Raju9102850 aAntennas and Wave Propagation /cG. S. N. Raju aNew DelhibPearson Educationc2009 axxii,487p. aIntroduction (Page-1), Mathematical Preliminaries (Page-9), Maxwell’s Equations and Electromagnetic Waves (Page-55), Radiation and Antennas (Page-134), Analysis of Linear Arrays (Page-165), Array Synthesis (Page-208), HF,VHF and Uhf Antennas (Page-238), Microwave Antennas (Page-294), Antenna Measurements (Page-352), Wave Propagation (Page-383), Multiple Choice Questions (Page-445), Bibliography (Page-461). aTelecommunication Engineering9102851 2ddccBK c189449d189449 00102ddc4070aMCSbMCScGENd2016-12-12o621.38,RAJpMCS35097r2016-12-08w2016-12-12yBKzAlmirah No.30, Shelf No.5